Discovering self-expression and communication

Bibliographic Details
Main Author: Kramer, Patricia
Format: Book
Language:English
Published: New York : The Rosen Publishing Group, Inc , 1992
Subjects:

MARC

LEADER 00000cam a2200000 7i4500
001 0000044713
005 20121025.0
008 121025 eng
020 |a 0823912760 
090 0 0 |a 302.2 KRA 
100 1 |a Kramer, Patricia 
245 1 0 |a Discovering self-expression and communication   |c Patricia Kramer 
260 |a New York :   |b The Rosen Publishing Group, Inc ,   |c 1992 
300 |a 65p, :   |b col.ill ;   |c 23cm. 
650 0 0 |a Communication 
999 |a 02947   |b Buku   |c Rujukan   |e Perbadanan Perpustakaan Awam Melaka